Tilastot visalle Riimejä valtioista

Klikkaa tästä pelataksesi tätä visaa!

Yleistilastot

  • Tätä visaa on pelattu 596 kertaa
  • Keskiarvotulos 21 / 25

Vastaustilastot

RiimiValtio% Oikein
hanskaRanska | Tanska
100%
orjaNorja
99%
veitsiSveitsi
99%
tuubaKuuba
98%
vaitiHaiti
94%
suolaPuola
94%
maksaSaksa
94%
purkkiTurkki
94%
viinaKiina
92%
SaimaaThaimaa
92%
rekkiTšekki
89%
mitaliaItalia
88%
veikkaKreikka
88%
luotsiRuotsi
87%
logoTogo
87%
siroViro
87%
taosLaos
83%
saliMali
83%
SambiaGambia
81%
luomiSuomi
81%
valtaMalta | Itävalta
79%
meninBenin
66%
aivanTaiwan
66%
JaanaGhana
57%
autanBhutan
51%

Tulosjakauma

Persentiili vastausten määrän mukaan

Jokaisen tuloksen saaneiden osuus

Tuloshistoriasi

Et ole pelannut tätä visaa